00543nam a2200157 a 450000500170000000800410001702000180005805000280007610000170010424500640012126000320018530000100021752001360022765000100036365000120037320140412111407.0061206s19uu xx 00 eng d a0-439-62576-9 aTR(GS 372.6bPa117 2005 aPadak, Nancy aFast start for early learners :bGrades K-2 /cNancy Padak. aU.S.A :bScholastic,c2005. a144p. aA research-based, send-home literacy program with 60 reproducible poems and activities that ensures reading success for every child aPoems aReading